| 000 | 01745nam a2200481 i 4500 | ||
|---|---|---|---|
| 001 | 26347 | ||
| 003 | KOSZ 005 | ||
| 005 | 20200807131930.0 | ||
| 008 | 070510s1973 pl a f f |000 0 pol | ||
| 015 | _aPB 1973/7771 | ||
| 035 | _a(OCoLC)839056937 | ||
| 040 |
_aWA N _cWA N _dKOSZ 005/EC _dKOSZ 005/HR |
||
| 041 | _apol | ||
| 046 | _k[1964] | ||
| 080 | _a664.8/.9 | ||
| 080 | _a(075.8) | ||
| 245 | 0 | 0 |
_aTechnologia produktów owocowych i warzywnych : _bpodręcznik dla studentów akademii rolniczych. _n[T.] 1 / _cE. Pijanowski [et al.]. |
| 250 | _aWyd. 3 popr. i uzup. | ||
| 260 |
_aWarszawa : _bPaństwowe Wydawnictwo Rolnicze i Leśne, _c1973. |
||
| 300 |
_a626, [2] s., [1] k. tabl. : _bil. ; _c23 cm. |
||
| 336 |
_2radacontent _aTekst _btxt |
||
| 337 |
_2rdamedia _aBez urządzenia pośredniczącego _bn |
||
| 338 |
_2rdacarrier _aWolumin _bnc |
||
| 380 | _aKsiążki | ||
| 380 | _aPublikacje dydaktyczne | ||
| 385 |
_mPoziom nauczania _aSzkoły wyzsze |
||
| 388 | _a1901-2000 | ||
| 388 | _a1945-1989 | ||
| 500 | _aWyd. poprz. pod hasłem: Pijanowski, Eugeniusz. | ||
| 504 | _aBibliogr. | ||
| 650 | 4 | _aTechnologia żywności | |
| 650 | 4 | _aOwoce | |
| 650 | 4 | _aWarzywa | |
| 655 | 4 | _aPodręczniki akademickie | |
| 658 | _aRolnictwo i leśnictwo | ||
| 700 | 1 |
_aHorubała, Adolf _d(1925- ) _eAutor |
|
| 700 | 1 |
_aPijanowski, Eugeniusz _d(1906-1974) _eAutor |
|
| 700 | 1 |
_aJarczyk, Andrzej _d(1933- ) _eAutor |
|
| 700 | 1 |
_aMrożewski, Stefan _d(1907-1971) _eAutor |
|
| 710 | 2 |
_aPaństwowe Wydawnictwo Rolnicze i Leśne _4pbl. |
|
| 856 |
_uhttp://koha.tu.koszalin.pl/cgi-bin/koha/opac-detail.pl?biblionumber=26347 _yKatalog online BPK |
||
| 942 |
_2UKD _cKS |
||
| 999 |
_c26347 _d26347 |
||